[Event "1SM"]
[Site "Sharjah Chess Club"]
[Date "2017.03.23"]
[Round "1.12"]
[White "Iturrizaga Bonelli, Eduardo"]
[Black "Yakubboev, Nodirbek"]
[Result "1/2-1/2"]
[BlackElo "2427"]
[WhiteElo "2673"]
[LiveChessVersion "1.4.8"]

1. Nf3 {[%clk 1:40:56]} f5 {[%clk 1:39:41]} 2. g3 {[%clk 1:40:07]} b6
{[%clk 1:38:31]} 3. Bg2 {[%clk 1:40:26]} Bb7 {[%clk 1:38:55]} 4. O-O
{[%clk 1:40:08]} Nf6 {[%clk 1:38:28]} 5. d3 {[%clk 1:39:18]} e6 {[%clk 1:31:46]}
6. c4 {[%clk 1:38:51]} Nc6 {[%clk 1:30:23]} 7. Nc3 {[%clk 1:37:05]} Bb4
{[%clk 1:28:59]} 8. Bd2 {[%clk 1:33:38]} O-O {[%clk 1:26:47]} 9. a3
{[%clk 1:33:51]} Bxc3 {[%clk 1:25:19]} 10. Bxc3 {[%clk 1:34:19]} d6
{[%clk 1:21:09]} 11. b4 {[%clk 1:28:34]} Ne7 {[%clk 1:06:05]} 12. d4
{[%clk 1:22:18]} Ne4 {[%clk 1:00:39]} 13. Bb2 {[%clk 1:22:44]} Qd7
{[%clk 0:58:48]} 14. Qd3 {[%clk 1:20:31]} Rae8 {[%clk 0:53:03]} 15. Ne1
{[%clk 1:14:14]} d5 {[%clk 0:46:00]} 16. c5 {[%clk 1:05:19]} Bc6 {[%clk 0:44:36]}
17. f3 {[%clk 1:05:36]} Nf6 {[%clk 0:39:30]} 18. Qd2 {[%clk 1:00:02]} bxc5
{[%clk 0:34:04]} 19. dxc5 {[%clk 0:55:24]} Ng6 {[%clk 0:34:21]} 20. Bh3
{[%clk 0:50:07]} Bb5 {[%clk 0:27:58]} 21. Nc2 {[%clk 0:45:23]} f4
{[%clk 0:24:15]} 22. Nd4 {[%clk 0:45:36]} Bc4 {[%clk 0:22:59]} 23. Rf2
{[%clk 0:26:56]} fxg3 {[%clk 0:21:54]} 24. hxg3 {[%clk 0:27:24]} Qf7
{[%clk 0:21:49]} 25. e3 {[%clk 0:24:50]} e5 {[%clk 0:21:06]} 26. Nc6
{[%clk 0:23:30]} Nh5 {[%clk 0:14:47]} 27. g4 {[%clk 0:22:36]} Ng3
{[%clk 0:14:05]} 28. Bg2 {[%clk 0:16:16]} d4 {[%clk 0:10:22]} 29. exd4
{[%clk 0:12:17]} exd4 {[%clk 0:10:45]} 30. Nxd4 {[%clk 0:12:18]} Ne5
{[%clk 0:10:39]} 31. Nf5 {[%clk 0:11:11]} Nxf5 {[%clk 0:09:41]} 32. Bxe5
{[%clk 0:11:36]} Rxe5 {[%clk 0:09:26]} 33. f4 {[%clk 0:09:25]} Re7
{[%clk 0:05:49]} 34. gxf5 {[%clk 0:09:49]} Qxf5 {[%clk 0:06:09]} 35. Qd4
{[%clk 0:09:16]} Bb3 {[%clk 0:05:38]} 36. c6 {[%clk 0:08:12]} a6 {[%clk 0:05:32]}
37. Rc1 {[%clk 0:06:19]} Rfe8 {[%clk 0:04:54]} 38. Rc3 {[%clk 0:06:47]} Bf7
{[%clk 0:02:11]} 39. Rg3 {[%clk 0:06:58]} g6 {[%clk 0:02:16]} 40. Rg5
{[%clk 0:06:53]} Qb1+ {[%clk 0:02:15]} 41. Kh2 {[%clk 0:07:20]} Qe1
{[%clk 0:01:47]} 42. f5 {[%clk 0:06:26]} Qe5+ {[%clk 0:01:18]} 43. Qxe5
{[%clk 0:06:48]} Rxe5 {[%clk 0:01:47]} 44. fxg6 {[%clk 0:07:12]} hxg6
{[%clk 0:01:55]} 45. Rxe5 {[%clk 0:05:34]} Rxe5 {[%clk 0:02:23]} 46. Bf1
{[%clk 0:04:59]} Bd5 {[%clk 0:01:16]} 47. Bxa6 {[%clk 0:05:09]} Rh5+
{[%clk 0:01:06]} 48. Kg3 {[%clk 0:05:04]} Rg5+ {[%clk 0:01:12]} 49. Kh4
{[%clk 0:05:27]} Rh5+ {[%clk 0:01:15]} 50. Kg4 {[%clk 0:05:52]} Bxc6
{[%clk 0:01:10]} 51. Bc4+ {[%clk 0:03:26]} Bd5 {[%clk 0:01:39]} 52. Rc2
{[%clk 0:03:55]} Bxc4 {[%clk 0:01:19]} 53. Rxc4 {[%clk 0:04:23]} Rh7
{[%clk 0:01:41]} 54. Kg5 {[%clk 0:04:40]} Kf8 {[%clk 0:01:34]} 55. Kxg6
{[%clk 0:04:31]} Rh3 {[%clk 0:01:22]} 56. a4 {[%clk 0:02:31]} Ra3
{[%clk 0:01:33]} 57. b5 {[%clk 0:00:51]} Ke8 {[%clk 0:01:48]} 58. Rd4
{[%clk 0:00:41]} Rf3 {[%clk 0:01:21]} 59. Kg5 {[%clk 0:01:10]} Ke7
{[%clk 0:01:36]} 60. Kg4 {[%clk 0:01:37]} Rf2 {[%clk 0:01:24]} 61. Kg3
{[%clk 0:02:06]} Rf1 {[%clk 0:01:29]} 62. Kg2 {[%clk 0:02:34]} Rf5
{[%clk 0:01:23]} 63. Kg3 {[%clk 0:03:02]} Rf1 {[%clk 0:01:44]} 64. Rf4
{[%clk 0:01:53]} Rb1 {[%clk 0:00:44]} 65. Kf3 {[%clk 0:02:09]} Kd6
{[%clk 0:00:46]} 66. Ke3 {[%clk 0:02:31]} Kc5 {[%clk 0:00:44]} 67. Rf6
{[%clk 0:02:08]} Kb4 {[%clk 0:00:44]} 68. b6 {[%clk 0:02:36]} Rb3+
{[%clk 0:01:00]} 69. Kd2 {[%clk 0:02:49]} cxb6 {[%clk 0:01:24]} 70. Rxb6+
{[%clk 0:03:16]} Kxa4 {[%clk 0:01:48]} 1/2-1/2

[Event "1SM"]
[Site "Sharjah Chess Club"]
[Date "2017.03.23"]
[Round "1.13"]
[White "Mammadov, Zaur"]
[Black "Sargissian, Gabriel"]
[Result "1/2-1/2"]
[BlackElo "2666"]
[WhiteElo "2422"]
[LiveChessVersion "1.4.8"]

1. e4 {[%clk 1:40:54]} e5 {[%clk 1:40:52]} 2. Nf3 {[%clk 1:40:58]} Nc6
{[%clk 1:40:51]} 3. Nc3 {[%clk 1:41:23]} Nf6 {[%clk 1:38:30]} 4. Be2
{[%clk 1:41:16]} Bd6 {[%clk 1:29:33]} 5. d4 {[%clk 1:39:48]} exd4
{[%clk 1:25:40]} 6. Nxd4 {[%clk 1:40:11]} Be5 {[%clk 1:20:29]} 7. Nxc6
{[%clk 1:34:31]} bxc6 {[%clk 1:20:39]} 8. O-O {[%clk 1:33:44]} O-O
{[%clk 1:15:37]} 9. Bg5 {[%clk 1:30:49]} h6 {[%clk 1:10:49]} 10. Bh4
{[%clk 1:30:24]} Bxc3 {[%clk 1:09:17]} 11. bxc3 {[%clk 1:30:44]} g5
{[%clk 1:09:42]} 12. Bg3 {[%clk 1:26:32]} Nxe4 {[%clk 1:08:55]} 13. Bd3
{[%clk 1:25:47]} d5 {[%clk 1:06:55]} 14. Qh5 {[%clk 1:21:43]} Qf6
{[%clk 1:03:26]} 15. Bxe4 {[%clk 1:15:47]} dxe4 {[%clk 1:02:51]} 16. Bxc7
{[%clk 1:16:04]} Bf5 {[%clk 0:51:48]} 17. Rad1 {[%clk 1:13:08]} Rfe8
{[%clk 0:49:26]} 18. Rd6 {[%clk 1:02:57]} Re6 {[%clk 0:49:06]} 19. Rfd1
{[%clk 1:02:08]} Rae8 {[%clk 0:47:46]} 20. Rxe6 {[%clk 0:51:01]} Rxe6
{[%clk 0:47:38]} 21. Bd8 {[%clk 0:48:12]} Qg6 {[%clk 0:39:29]} 22. Qxg6+
{[%clk 0:46:47]} Bxg6 {[%clk 0:39:47]} 23. Rd7 {[%clk 0:46:34]} Bf5
{[%clk 0:33:55]} 24. h4 {[%clk 0:44:15]} e3 {[%clk 0:33:08]} 25. fxe3
{[%clk 0:43:52]} Rxe3 {[%clk 0:32:44]} 26. Rxa7 {[%clk 0:43:50]} gxh4
{[%clk 0:28:38]} 27. Bxh4 {[%clk 0:37:01]} Rxc3 {[%clk 0:28:55]} 28. a4
{[%clk 0:37:11]} Rxc2 {[%clk 0:28:38]} 29. a5 {[%clk 0:37:03]} Ra2
{[%clk 0:26:14]} 30. Bf2 {[%clk 0:34:13]} Kg7 {[%clk 0:25:31]} 31. Ra8
{[%clk 0:32:07]} Bd3 {[%clk 0:23:50]} 32. g4 {[%clk 0:31:50]} Kf6
{[%clk 0:23:01]} 33. Be3 {[%clk 0:30:58]} Ra4 {[%clk 0:21:53]} 34. Kf2
{[%clk 0:31:04]} Ke7 {[%clk 0:14:32]} 35. Bxh6 {[%clk 0:30:00]} f6
{[%clk 0:12:34]} 1/2-1/2

[Event "1SM"]
[Site "Sharjah Chess Club"]
[Date "2017.03.23"]
[Round "1.15"]
[White "Viani, Antonio Dcunha"]
[Black "Mareco, Sandro"]
[Result "1-0"]
[BlackElo "2664"]
[WhiteElo "2410"]
[LiveChessVersion "1.4.8"]

1. e4 {[%clk 1:39:54]} c5 {[%clk 1:40:50]} 2. Nf3 {[%clk 1:39:58]} d6
{[%clk 1:41:16]} 3. d4 {[%clk 1:40:15]} cxd4 {[%clk 1:41:42]} 4. Nxd4
{[%clk 1:40:21]} Nf6 {[%clk 1:42:08]} 5. Nc3 {[%clk 1:40:34]} a6 {[%clk 1:42:34]}
6. Be2 {[%clk 1:40:43]} e5 {[%clk 1:41:52]} 7. Nb3 {[%clk 1:40:54]} Be6
{[%clk 1:41:38]} 8. O-O {[%clk 1:40:18]} Be7 {[%clk 1:41:37]} 9. f4
{[%clk 1:36:55]} b5 {[%clk 1:38:46]} 10. a4 {[%clk 1:22:38]} b4 {[%clk 1:32:54]}
11. Nd5 {[%clk 1:22:44]} Nbd7 {[%clk 1:31:00]} 12. Be3 {[%clk 1:17:44]} Bxd5
{[%clk 1:29:22]} 13. exd5 {[%clk 1:18:01]} Nb6 {[%clk 1:29:02]} 14. fxe5
{[%clk 1:08:12]} dxe5 {[%clk 1:29:11]} 15. d6 {[%clk 1:05:30]} Bxd6
{[%clk 1:28:54]} 16. Rxf6 {[%clk 1:02:55]} gxf6 {[%clk 1:28:08]} 17. a5
{[%clk 1:01:41]} Nc8 {[%clk 1:27:52]} 18. Bf3 {[%clk 0:58:55]} Rb8
{[%clk 1:20:52]} 19. Bc6+ {[%clk 0:53:55]} Ke7 {[%clk 0:55:34]} 20. Qf3
{[%clk 0:49:11]} Rg8 {[%clk 0:52:27]} 21. Nc5 {[%clk 0:36:18]} b3
{[%clk 0:39:31]} 22. c3 {[%clk 0:32:28]} Rb5 {[%clk 0:32:28]} 23. Bxb5
{[%clk 0:24:46]} axb5 {[%clk 0:32:52]} 24. Rd1 {[%clk 0:23:14]} Qxa5
{[%clk 0:24:21]} 25. Qb7+ {[%clk 0:22:29]} Qc7 {[%clk 0:23:36]} 26. Qxc7+
{[%clk 0:22:48]} Bxc7 {[%clk 0:24:02]} 27. Rd7+ {[%clk 0:23:13]} Ke8
{[%clk 0:24:16]} 28. Rxc7 {[%clk 0:23:31]} 1-0

[Event "1SM"]
[Site "Sharjah Chess Club"]
[Date "2017.03.23"]
[Round "1.16"]
[White "Fressinet, Laurent"]
[Black "Mohammad, Nubairshah Shaikh"]
[Result "1-0"]
[BlackElo "2408"]
[WhiteElo "2662"]
[LiveChessVersion "1.4.8"]

1. d4 {[%clk 1:40:56]} d5 {[%clk 1:40:57]} 2. Nf3 {[%clk 1:40:52]} Nf6
{[%clk 1:41:23]} 3. c4 {[%clk 1:41:15]} c6 {[%clk 1:41:45]} 4. e3
{[%clk 1:41:04]} Bf5 {[%clk 1:41:48]} 5. Nc3 {[%clk 1:41:26]} e6 {[%clk 1:42:16]}
6. Nh4 {[%clk 1:41:40]} Be4 {[%clk 1:42:09]} 7. f3 {[%clk 1:41:18]} Bg6
{[%clk 1:42:36]} 8. Qb3 {[%clk 1:41:21]} Qc7 {[%clk 1:42:46]} 9. Bd2
{[%clk 1:40:39]} Be7 {[%clk 1:43:09]} 10. O-O-O {[%clk 1:38:42]} Nbd7
{[%clk 1:27:24]} 11. Nxg6 {[%clk 1:38:27]} hxg6 {[%clk 1:27:51]} 12. Kb1
{[%clk 1:38:52]} dxc4 {[%clk 1:23:46]} 13. Bxc4 {[%clk 1:37:41]} b5
{[%clk 1:20:56]} 14. Be2 {[%clk 1:37:13]} Rxh2 {[%clk 1:10:17]} 15. f4
{[%clk 1:29:57]} Rxh1 {[%clk 0:50:33]} 16. Rxh1 {[%clk 1:29:50]} a6
{[%clk 0:39:49]} 17. Bf3 {[%clk 1:27:24]} Nb6 {[%clk 0:29:21]} 18. Qc2
{[%clk 1:21:14]} Nc4 {[%clk 0:24:44]} 19. Bc1 {[%clk 1:15:35]} O-O-O
{[%clk 0:20:41]} 20. Be2 {[%clk 1:10:30]} Nb6 {[%clk 0:19:32]} 21. Bd2
{[%clk 1:00:19]} Kb8 {[%clk 0:16:08]} 22. Rc1 {[%clk 0:55:06]} Rc8
{[%clk 0:12:36]} 23. Ne4 {[%clk 0:44:53]} Nxe4 {[%clk 0:12:02]} 24. Qxe4
{[%clk 0:45:19]} Nd5 {[%clk 0:12:19]} 25. a3 {[%clk 0:45:29]} Qd6
{[%clk 0:07:21]} 26. g4 {[%clk 0:39:42]} Rh8 {[%clk 0:03:38]} 27. Rh1
{[%clk 0:35:20]} Rxh1+ {[%clk 0:03:43]} 28. Qxh1 {[%clk 0:35:48]} Ka7
{[%clk 0:03:59]} 29. Qh8 {[%clk 0:34:18]} Nxf4 {[%clk 0:01:45]} 30. exf4
{[%clk 0:27:25]} Qxd4 {[%clk 0:02:14]} 31. Kc2 {[%clk 0:24:24]} Bf6
{[%clk 0:02:42]} 32. Bc1 {[%clk 0:20:53]} Qf2 {[%clk 0:01:38]} 33. Kd1
{[%clk 0:21:16]} Qg1+ {[%clk 0:01:21]} 34. Kd2 {[%clk 0:20:49]} Qd4+
{[%clk 0:01:44]} 35. Bd3 {[%clk 0:19:38]} Qxf4+ {[%clk 0:01:01]} 36. Kc2
{[%clk 0:19:18]} Qxg4 {[%clk 0:00:34]} 37. Qc8 {[%clk 0:18:11]} Qg2+
{[%clk 0:00:31]} 38. Kb1 {[%clk 0:18:12]} Qd5 {[%clk 0:00:33]} 39. Be3+
{[%clk 0:15:26]} Bd4 {[%clk 0:01:01]} 40. Bxd4+ {[%clk 0:15:36]} Qxd4
{[%clk 0:01:30]} 41. Qc7+ {[%clk 0:15:57]} Ka8 {[%clk 0:01:59]} 42. Qxc6+
{[%clk 0:16:16]} Kb8 {[%clk 0:00:41]} 43. Be4 {[%clk 0:16:04]} Qa7
{[%clk 0:00:58]} 44. Qe8+ {[%clk 0:16:23]} Kc7 {[%clk 0:01:27]} 45. Qe7+
{[%clk 0:16:09]} Kb6 {[%clk 0:01:55]} 46. Qd6+ {[%clk 0:16:28]} Ka5
{[%clk 0:02:24]} 47. Qb4+ {[%clk 0:16:50]} 1-0

[Event "1SM"]
[Site "Sharjah Chess Club"]
[Date "2017.03.23"]
[Round "1.17"]
[White "Zude, Erik"]
[Black "Amin, Bassem"]
[Result "1/2-1/2"]
[BlackElo "2660"]
[WhiteElo "2408"]
[LiveChessVersion "1.4.8"]

1. c4 {[%clk 1:40:49]} e5 {[%clk 1:37:30]} 2. g3 {[%clk 1:38:56]} d6
{[%clk 1:37:20]} 3. Nc3 {[%clk 1:38:54]} g6 {[%clk 1:36:59]} 4. d4
{[%clk 1:33:12]} Nd7 {[%clk 1:36:06]} 5. Nf3 {[%clk 1:30:59]} Bg7
{[%clk 1:36:22]} 6. Bg2 {[%clk 1:31:07]} Ngf6 {[%clk 1:36:13]} 7. O-O
{[%clk 1:31:11]} O-O {[%clk 1:36:37]} 8. e4 {[%clk 1:30:35]} Re8 {[%clk 1:36:06]}
9. d5 {[%clk 1:27:40]} Nc5 {[%clk 1:36:26]} 10. Ne1 {[%clk 1:22:12]} a5
{[%clk 1:36:15]} 11. Nd3 {[%clk 1:22:16]} b6 {[%clk 1:36:13]} 12. Nxc5
{[%clk 1:17:01]} dxc5 {[%clk 1:33:28]} 13. Bg5 {[%clk 1:12:41]} h6
{[%clk 1:32:35]} 14. Bxf6 {[%clk 1:11:01]} Bxf6 {[%clk 1:32:24]} 15. h4
{[%clk 1:03:20]} Be7 {[%clk 1:27:17]} 16. Kh2 {[%clk 1:01:23]} Qd7
{[%clk 1:26:20]} 17. Qa4 {[%clk 0:56:45]} Qxa4 {[%clk 1:22:40]} 18. Nxa4
{[%clk 0:57:06]} g5 {[%clk 1:12:09]} 19. hxg5 {[%clk 0:50:14]} hxg5
{[%clk 1:12:08]} 20. Rh1 {[%clk 0:50:15]} Kg7 {[%clk 1:10:23]} 21. Kg1
{[%clk 0:49:42]} Bd7 {[%clk 1:07:14]} 22. Nc3 {[%clk 0:47:31]} a4
{[%clk 1:01:35]} 23. a3 {[%clk 0:44:55]} g4 {[%clk 0:58:57]} 24. Rd1
{[%clk 0:38:18]} Bd6 {[%clk 0:55:15]} 25. Bf1 {[%clk 0:30:26]} f5
{[%clk 0:55:11]} 26. exf5 {[%clk 0:29:27]} e4 {[%clk 0:50:01]} 27. Rh5
{[%clk 0:29:05]} Kf6 {[%clk 0:49:09]} 28. Re1 {[%clk 0:19:26]} Bxf5
{[%clk 0:47:59]} 29. Bg2 {[%clk 0:18:02]} Kg6 {[%clk 0:46:43]} 30. Rh1
{[%clk 0:16:48]} Be5 {[%clk 0:41:40]} 31. Nb5 {[%clk 0:14:38]} Kg5
{[%clk 0:38:25]} 32. Re2 {[%clk 0:12:09]} Rad8 {[%clk 0:32:09]} 33. Kf1
{[%clk 0:08:40]} Bd4 {[%clk 0:13:06]} 34. Nxc7 {[%clk 0:06:31]} Re7
{[%clk 0:12:30]} 35. Ne6+ {[%clk 0:05:40]} Bxe6 {[%clk 0:12:47]} 36. dxe6
{[%clk 0:04:34]} Rxe6 {[%clk 0:12:34]} 37. Bxe4 {[%clk 0:02:29]} Rde8
{[%clk 0:10:00]} 38. Bd3 {[%clk 0:02:49]} Rxe2 {[%clk 0:10:14]} 39. Bxe2
{[%clk 0:03:18]} Bxb2 {[%clk 0:10:07]} 40. Rh4 {[%clk 0:02:29]} Bxa3
{[%clk 0:09:16]} 41. Rxg4+ {[%clk 0:02:49]} Kf6 {[%clk 0:08:27]} 42. Rf4+
{[%clk 0:02:15]} Kg7 {[%clk 0:07:16]} 43. Rg4+ {[%clk 0:01:59]} Kf6
{[%clk 0:07:17]} 44. Rf4+ {[%clk 0:02:26]} Kg5 {[%clk 0:01:18]} 45. Rg4+
{[%clk 0:02:08]} Kf5 {[%clk 0:01:43]} 46. Rf4+ {[%clk 0:02:34]} Kg5
{[%clk 0:00:38]} 47. Rg4+ 1/2-1/2

[Event "1SM"]
[Site "Sharjah Chess Club"]
[Date "2017.03.23"]
[Round "1.18"]
[White "Salem, A.R. Saleh"]
[Black "Vignesh, N R"]
[Result "0-1"]
[BlackElo "2405"]
[WhiteElo "2652"]
[LiveChessVersion "1.4.8"]

1. d4 {[%clk 1:40:51]} Nf6 {[%clk 1:40:51]} 2. c4 {[%clk 1:41:15]} e6
{[%clk 1:41:15]} 3. Nf3 {[%clk 1:41:40]} b6 {[%clk 1:41:00]} 4. a3
{[%clk 1:42:02]} Bb7 {[%clk 1:41:25]} 5. Nc3 {[%clk 1:42:26]} d5 {[%clk 1:41:35]}
6. Qc2 {[%clk 1:42:50]} Be7 {[%clk 1:41:48]} 7. cxd5 {[%clk 1:43:04]} Nxd5
{[%clk 1:41:27]} 8. e4 {[%clk 1:43:26]} Nxc3 {[%clk 1:41:49]} 9. bxc3
{[%clk 1:43:53]} O-O {[%clk 1:40:56]} 10. Bd3 {[%clk 1:44:12]} c5
{[%clk 1:41:20]} 11. O-O {[%clk 1:44:24]} cxd4 {[%clk 1:36:37]} 12. cxd4
{[%clk 1:44:36]} Qc8 {[%clk 1:36:41]} 13. Qe2 {[%clk 1:44:45]} Ba6
{[%clk 1:36:06]} 14. Rd1 {[%clk 1:45:09]} Bxd3 {[%clk 1:35:07]} 15. Rxd3
{[%clk 1:45:34]} Nd7 {[%clk 1:34:12]} 16. e5 {[%clk 1:36:53]} b5 {[%clk 1:21:20]}
17. Bg5 {[%clk 1:36:03]} Qd8 {[%clk 1:21:38]} 18. Bxe7 {[%clk 1:22:05]} Qxe7
{[%clk 1:22:06]} 19. d5 {[%clk 1:22:27]} exd5 {[%clk 1:20:22]} 20. Rxd5
{[%clk 1:22:43]} a6 {[%clk 1:07:05]} 21. Qe3 {[%clk 1:18:55]} Rfc8
{[%clk 0:55:06]} 22. Rad1 {[%clk 1:14:18]} Nc5 {[%clk 0:49:01]} 23. Nd4
{[%clk 1:14:26]} g6 {[%clk 0:47:04]} 24. Rd6 {[%clk 1:10:49]} Nb7
{[%clk 0:43:40]} 25. Rf6 {[%clk 1:03:11]} Re8 {[%clk 0:36:18]} 26. Nc6
{[%clk 0:51:15]} Qc5 {[%clk 0:25:22]} 27. Qb3 {[%clk 0:37:49]} Qc4
{[%clk 0:17:19]} 28. Qf3 {[%clk 0:38:07]} Rac8 {[%clk 0:15:00]} 29. h3
{[%clk 0:31:47]} Nd8 {[%clk 0:12:48]} 30. Nxd8 {[%clk 0:28:14]} Rcxd8
{[%clk 0:13:05]} 31. Rxd8 {[%clk 0:28:36]} Rxd8 {[%clk 0:13:33]} 32. Rxa6
{[%clk 0:28:32]} b4 {[%clk 0:10:04]} 33. Qf6 {[%clk 0:27:25]} Re8
{[%clk 0:09:17]} 34. axb4 {[%clk 0:18:51]} Qxb4 {[%clk 0:09:40]} 35. f4
{[%clk 0:18:35]} Qc4 {[%clk 0:01:55]} 36. Kh2 {[%clk 0:18:24]} Qc7
{[%clk 0:02:12]} 37. Kg3 {[%clk 0:13:49]} Qc3+ {[%clk 0:01:58]} 38. Kh4
{[%clk 0:13:15]} h6 {[%clk 0:00:56]} 39. Ra7 {[%clk 0:12:53]} Qe1+
{[%clk 0:00:50]} 40. g3 {[%clk 0:13:10]} Rf8 {[%clk 0:01:15]} 41. Re7
{[%clk 0:13:07]} Qe2 {[%clk 0:01:38]} 0-1

[Event "1SM"]
[Site "Sharjah Chess Club"]
[Date "2017.03.23"]
[Round "1.19"]
[White "Laxman, R.R."]
[Black "Kuzubov, Yuriy"]
[Result "1/2-1/2"]
[BlackElo "2643"]
[WhiteElo "2403"]
[LiveChessVersion "1.4.8"]

1. d4 {[%clk 1:40:21]} Nf6 {[%clk 1:40:33]} 2. Nf3 {[%clk 1:40:29]} e6
{[%clk 1:39:03]} 3. c4 {[%clk 1:40:31]} d5 {[%clk 1:38:53]} 4. g3
{[%clk 1:40:21]} Bb4+ {[%clk 1:38:22]} 5. Bd2 {[%clk 1:40:45]} Be7
{[%clk 1:38:45]} 6. Bg2 {[%clk 1:40:50]} c6 {[%clk 1:38:28]} 7. Qc2
{[%clk 1:40:46]} O-O {[%clk 1:38:16]} 8. O-O {[%clk 1:40:54]} b6 {[%clk 1:37:45]}
9. Bf4 {[%clk 1:39:23]} Bb7 {[%clk 1:36:44]} 10. Rd1 {[%clk 1:33:52]} Nbd7
{[%clk 1:36:03]} 11. Ne5 {[%clk 1:33:54]} Nh5 {[%clk 1:25:45]} 12. Bd2
{[%clk 1:33:11]} Nhf6 {[%clk 1:26:08]} 13. Bf4 {[%clk 1:33:12]} Nh5
{[%clk 1:20:15]} 14. Bd2 {[%clk 1:32:54]} Nhf6 {[%clk 1:20:40]} 1/2-1/2

[Event "1SM"]
[Site "Sharjah Chess Club"]
[Date "2017.03.23"]
[Round "1.21"]
[White "Padmini, Rout"]
[Black "Kravtsiv, Martyn"]
[Result "0-1"]
[BlackElo "2641"]
[WhiteElo "2387"]
[LiveChessVersion "1.4.8"]

1. e4 {[%clk 1:40:46]} e5 {[%clk 1:40:46]} 2. Nf3 {[%clk 1:41:09]} Nc6
{[%clk 1:41:11]} 3. Bc4 {[%clk 1:40:46]} Nf6 {[%clk 1:41:26]} 4. d3
{[%clk 1:41:04]} Be7 {[%clk 1:41:26]} 5. O-O {[%clk 1:41:17]} O-O
{[%clk 1:41:36]} 6. a4 {[%clk 1:40:33]} d5 {[%clk 1:38:23]} 7. exd5
{[%clk 1:40:41]} Nxd5 {[%clk 1:38:45]} 8. h3 {[%clk 1:36:06]} Kh8
{[%clk 1:31:29]} 9. Re1 {[%clk 1:34:15]} f6 {[%clk 1:31:19]} 10. Nbd2
{[%clk 1:33:16]} a6 {[%clk 1:20:42]} 11. Bb3 {[%clk 1:22:21]} Nf4
{[%clk 1:09:35]} 12. Nf1 {[%clk 1:20:12]} Ng6 {[%clk 1:06:11]} 13. Ne3
{[%clk 1:12:23]} Na5 {[%clk 1:03:23]} 14. Ba2 {[%clk 1:10:51]} c5
{[%clk 1:03:25]} 15. Nd5 {[%clk 0:47:53]} Bd6 {[%clk 0:59:00]} 16. Bd2
{[%clk 0:40:49]} Nc6 {[%clk 0:56:43]} 17. Bc4 {[%clk 0:38:37]} Be6
{[%clk 0:41:22]} 18. Nb6 {[%clk 0:35:45]} Bxc4 {[%clk 0:41:05]} 19. Nxc4
{[%clk 0:36:11]} Bc7 {[%clk 0:41:26]} 20. a5 {[%clk 0:34:56]} Qd5
{[%clk 0:37:03]} 21. Qe2 {[%clk 0:33:03]} Rad8 {[%clk 0:37:05]} 22. Qe4
{[%clk 0:32:34]} Qd7 {[%clk 0:35:43]} 23. Qg4 {[%clk 0:31:09]} Qf7
{[%clk 0:32:56]} 24. Be3 {[%clk 0:28:36]} Nd4 {[%clk 0:20:37]} 25. Bxd4
{[%clk 0:24:16]} cxd4 {[%clk 0:21:01]} 26. Nfd2 {[%clk 0:24:35]} Rd5
{[%clk 0:16:43]} 27. Nb6 {[%clk 0:20:07]} Bxb6 {[%clk 0:15:21]} 28. axb6
{[%clk 0:20:35]} Rfd8 {[%clk 0:13:29]} 29. Nc4 {[%clk 0:19:57]} Nf4
{[%clk 0:13:40]} 30. b3 {[%clk 0:19:26]} Rb5 {[%clk 0:12:03]} 31. Qf3
{[%clk 0:12:39]} Qd7 {[%clk 0:11:18]} 32. Ra5 {[%clk 0:06:46]} h6
{[%clk 0:11:22]} 33. Rea1 {[%clk 0:06:30]} Rc8 {[%clk 0:11:16]} 34. h4
{[%clk 0:04:12]} Nd5 {[%clk 0:10:22]} 35. h5 {[%clk 0:04:02]} Qc6
{[%clk 0:09:16]} 36. Qg4 {[%clk 0:01:55]} Rd8 {[%clk 0:06:03]} 37. Qe4
{[%clk 0:01:06]} Qd7 {[%clk 0:05:10]} 38. g3 {[%clk 0:00:59]} Qc6
{[%clk 0:03:23]} 39. Kh2 {[%clk 0:00:39]} Qc5 {[%clk 0:02:20]} 40. Kg1
{[%clk 0:00:40]} Rb8 {[%clk 0:00:50]} 41. f4 {[%clk 0:00:34]} exf4
{[%clk 0:01:02]} 42. gxf4 {[%clk 0:00:48]} Nxb6 {[%clk 0:00:51]} 43. Rxb5
{[%clk 0:00:39]} axb5 {[%clk 0:01:14]} 44. Nxb6 {[%clk 0:00:39]} Qxb6
{[%clk 0:01:42]} 45. Re1 {[%clk 0:00:51]} Rg8 {[%clk 0:01:17]} 46. Qg6
{[%clk 0:00:52]} Qc6 {[%clk 0:01:33]} 47. Re2 {[%clk 0:01:17]} Qf3
{[%clk 0:01:50]} 48. Rf2 {[%clk 0:01:03]} Qe3 {[%clk 0:01:50]} 49. Kg2
{[%clk 0:01:22]} Rf8 {[%clk 0:00:41]} 50. Qf5 {[%clk 0:01:39]} Qe8
{[%clk 0:00:43]} 51. Kh2 {[%clk 0:01:22]} Qe7 {[%clk 0:00:43]} 52. Qxb5
{[%clk 0:00:53]} f5 {[%clk 0:01:07]} 53. Kg3 {[%clk 0:01:07]} Qf7
{[%clk 0:00:48]} 54. Qe5 {[%clk 0:00:39]} Re8 {[%clk 0:01:09]} 55. Qxd4
{[%clk 0:00:45]} Qxh5 {[%clk 0:01:31]} 56. Rf3 {[%clk 0:00:32]} Re2
{[%clk 0:01:05]} 57. Rf2 {[%clk 0:00:48]} Qg4+ {[%clk 0:00:47]} 58. Kh2
{[%clk 0:01:16]} Re1 {[%clk 0:01:07]} 59. Rd2 {[%clk 0:01:09]} Qh4+
{[%clk 0:00:53]} 60. Kg2 {[%clk 0:01:37]} Qh1+ {[%clk 0:01:00]} 0-1

[Event "1SM"]
[Site "Sharjah Chess Club"]
[Date "2017.03.23"]
[Round "1.22"]
[White "Bluebaum, Matthias"]
[Black "Nihal, Sarin"]
[Result "0-1"]
[BlackElo "2386"]
[WhiteElo "2632"]
[LiveChessVersion "1.4.8"]

1. d4 {[%clk 1:40:57]} Nf6 {[%clk 1:40:37]} 2. c4 {[%clk 1:41:20]} e6
{[%clk 1:41:03]} 3. Nf3 {[%clk 1:41:16]} d5 {[%clk 1:41:23]} 4. Nc3
{[%clk 1:41:03]} dxc4 {[%clk 1:41:44]} 5. e4 {[%clk 1:41:00]} Bb4
{[%clk 1:42:06]} 6. Bxc4 {[%clk 1:41:07]} Nxe4 {[%clk 1:42:27]} 7. O-O
{[%clk 1:41:22]} Nxc3 {[%clk 1:42:47]} 8. bxc3 {[%clk 1:41:49]} Be7
{[%clk 1:43:11]} 9. Ne5 {[%clk 1:39:14]} O-O {[%clk 1:43:16]} 10. Qg4
{[%clk 1:38:15]} Nc6 {[%clk 1:43:40]} 11. Re1 {[%clk 1:38:31]} f5
{[%clk 1:44:03]} 12. Qf3 {[%clk 1:38:42]} Nxe5 {[%clk 1:44:25]} 13. Rxe5
{[%clk 1:39:09]} Kh8 {[%clk 1:44:47]} 14. Bf4 {[%clk 1:39:34]} g5
{[%clk 1:35:05]} 15. Bd2 {[%clk 1:39:58]} Bd6 {[%clk 1:35:31]} 16. Rae1
{[%clk 1:40:11]} Bxe5 {[%clk 1:35:54]} 17. Rxe5 {[%clk 1:40:36]} c6
{[%clk 1:30:17]} 18. h4 {[%clk 1:37:45]} gxh4 {[%clk 1:22:34]} 19. Bf4
{[%clk 1:32:59]} Rg8 {[%clk 1:16:56]} 20. Bxe6 {[%clk 1:24:33]} Bxe6
{[%clk 1:16:41]} 21. Rxe6 {[%clk 1:24:58]} Rg6 {[%clk 1:17:05]} 22. Qe3
{[%clk 1:21:24]} Kg8 {[%clk 0:55:00]} 23. Rxg6+ {[%clk 1:14:53]} hxg6
{[%clk 0:54:44]} 24. Qe6+ {[%clk 1:15:20]} Kg7 {[%clk 0:55:08]} 25. Be5+
{[%clk 1:15:46]} Kh6 {[%clk 0:55:31]} 26. Qf7 {[%clk 1:14:15]} Qg8
{[%clk 0:54:12]} 27. Qxb7 {[%clk 1:06:58]} Rf8 {[%clk 0:38:59]} 28. Qxc6
{[%clk 0:53:09]} f4 {[%clk 0:25:57]} 29. c4 {[%clk 0:34:01]} Qf7 {[%clk 0:18:31]}
30. Qe4 {[%clk 0:25:17]} g5 {[%clk 0:10:40]} 31. c5 {[%clk 0:21:54]} Qg6
{[%clk 0:08:40]} 32. Qe1 {[%clk 0:14:41]} f3 {[%clk 0:06:57]} 33. d5
{[%clk 0:10:20]} fxg2 {[%clk 0:05:12]} 34. c6 {[%clk 0:08:05]} h3
{[%clk 0:05:16]} 35. d6 {[%clk 0:06:15]} Rb8 {[%clk 0:03:44]} 36. Kh2
{[%clk 0:05:32]} Rb1 {[%clk 0:04:05]} 37. Bg7+ {[%clk 0:05:40]} Kh7
{[%clk 0:04:27]} 0-1